Citizens and Groups in Contemporary China.

Bibliographic Details
Main Author: Falkenheim, Victor.
Format: eBook
Language:English
Published: Ann Arbor : Center for Chinese Studies Publications, 1987.
Edition:1st ed.
Series:Michigan Monographs in Chinese Studies
Subjects:
Online Access:Click to View
LEADER 02292nam a22004093i 4500
001 EBC6533752
003 MiAaPQ
005 20231204023216.0
006 m o d |
007 cr cnu||||||||
008 231204s1987 xx o ||||0 eng d
020 |a 9780472901845  |q (electronic bk.) 
020 |z 9780892640652 
035 |a (MiAaPQ)EBC6533752 
035 |a (Au-PeEL)EBL6533752 
035 |a (OCoLC)1291315090 
040 |a MiAaPQ  |b eng  |e rda  |e pn  |c MiAaPQ  |d MiAaPQ 
050 4 |a JQ1514 
082 0 |a 322.4/3/0951 
100 1 |a Falkenheim, Victor. 
245 1 0 |a Citizens and Groups in Contemporary China. 
250 |a 1st ed. 
264 1 |a Ann Arbor :  |b Center for Chinese Studies Publications,  |c 1987. 
264 4 |c Ã1987. 
300 |a 1 online resource (331 pages) 
336 |a text  |b txt  |2 rdacontent 
337 |a computer  |b c  |2 rdamedia 
338 |a online resource  |b cr  |2 rdacarrier 
490 1 |a Michigan Monographs in Chinese Studies ;  |v v.56 
505 0 |a Cover -- Title -- Copyright -- Contents -- List of Contributors -- Preface -- Chapter 1. Citizen and Group Politics in China: An Introduction -- Chapter 2. Public and Private Interests and the Participatory Ethic in China -- Chapter 3. Communist Social Structure and Workers' Politics in China -- Chapter 4. Political Participation of Peasants in China -- Chapter 5. Riding the Tiger: The Political Life of China's Scientists -- Chapter 6. Dissident Intellectuals in the People's Republic of China -- Chapter 7. Leadership and Participation: The Case of Shanghai's Managers -- Chapter 8. The Role of the Military in Chinese Politics -- Notes -- Index. 
588 |a Description based on publisher supplied metadata and other sources. 
590 |a Electronic reproduction. Ann Arbor, Michigan : ProQuest Ebook Central, 2023. Available via World Wide Web. Access may be limited to ProQuest Ebook Central affiliated libraries.  
655 4 |a Electronic books. 
776 0 8 |i Print version:  |a Falkenheim, Victor  |t Citizens and Groups in Contemporary China  |d Ann Arbor : Center for Chinese Studies Publications,c1987  |z 9780892640652 
797 2 |a ProQuest (Firm) 
830 0 |a Michigan Monographs in Chinese Studies 
856 4 0 |u https://ebookcentral.proquest.com/lib/matrademy/detail.action?docID=6533752  |z Click to View